Statistiques concernant Nommez ces plantes par leur feuille

Cliquez ici pour prendre le quiz!

Statistiques générales

  • Ce quiz a été pris 592 fois
  • Le résultat moyen est 10 sur 16

Statistiques - réponses

Réponse% Correct
Trèfle
100%
Chêne
94%
Fougère
90%
Érable
86%
Cannabis
84%
Menthe
84%
Houx
80%
Basilic
73%
Palmier
64%
Ortie
57%
Pissenlit
56%
Coriandre
48%
Hêtre
44%
Acacia
31%
Saule pleureur
31%
Peuplier
25%

Distribution des résultats

Percentile par nombre de réponses

% des personnes avec chaque résultat

Votre développement - résultats

Vous n’avez pas pris ce quiz